000 02229cam a22005054i 4500
003 PE-LiUPU
005 20250731173336.0
008 150706s2006 miu r 000 0 eng d
020 _a0825427649
035 _a(Sirsi) i9780825427640
040 _aPE-LiUPU
_bspa
_cPE-LiUPU
_erda
049 _aPRUA
082 0 4 _a222.06
_bCh62
_221
100 1 _aChisholm, Robert B.,
_eautor.
245 1 0 _aInterpreting the historical books :
_ban exegetical handbook /
_cRobert B. Chisholm.
264 1 _aGrand Rapids, MI :
_bKregel Publications,
_c2006.
300 _a231 páginas ;
_c23 centímetros.
336 _atext
_2rdacontent
337 _aunmediated
_2rdamedia
338 _avolume
_2rdacarrier
490 0 _aHandbooks for Old Testament exegesis
505 0 _aWhat is narrative literature? -- Primary themes of the Historical Books -- Preparing for interpretation -- Interpreting narrative texts -- Proclaiming narrative texts -- From text to application: two samples.
526 _aSEG42
526 _aSEG41
526 _aSEG40
526 _aSEG39
526 _aP94
526 _aP87
526 _aP86
526 _aP85
526 _aP77
526 _aP76
526 _aP35
541 _g104-3776787-4588217;
630 _aBibia.
_pA.T.
_pLibros Historicos
_xCrítica, interpretación, etc.
910 _agl
_bjv
_clch
_d20090810
942 _2ddc
_cBOOK
949 _a222.06 CH62
_wDEWEY
_c1
_i59794
_lCCODEBUL1
_mBUL
_p16.00
_r0
_sY
_tBOOK
_u2015-7-6
_xTEOLOGIA
_PP85
_0COMPRA
_o.STAFF. Colección General
949 _a222.06 CH62
_wDEWEY
_c2
_i75485
_lCATALOGING
_mBUL
_r0
_sY
_tBOOK
_u2017-1-3
_xPOSGRADO
_PP85
_0COMPRA
_o.STAFF. Colección Teología
994 _aC0
_bPEPRU
596 _a1
999 _a222.06 CH62
_wDEWEY
_c49326
_i59794
_e2017-5-30
_f2021-11-9
_g23
_lCCODEBUL1
_mBUL
_n1
_p16.00
_r0
_sY
_tBOOK
_u2015-7-6
_xTEOLOGIA
_PP85
_0COMPRA
_o.STAFF. Colección Teología
_d49326
999 _a222.06 CH62
_wDEWEY
_c2
_i75485
_d2019-5-21
_e2017-6-4
_f2021-11-9
_g5
_lCCODEBUL1
_mBUL
_n1
_p16.00
_q1
_r0
_sY
_tBOOK
_u2017-1-3
_xTEOLOGIA
_PP85
_0COMPRA
_o.STAFF. Colección Teología
980 _81
_gALBERTO SANCHEZ Responsable de Automatización